VIE INTELECTUELLE (LA) (Record no. 496674)
[ view plain ]
| 000 -CABECERA | |
|---|---|
| Campo de control de longitud fija | 00367nas a2200145 4500 |
| 001 - NÚMERO DE CONTROL | |
| Campo de control | Rev907 |
| 003 - IDENTIFICADOR DEL NÚMERO DE CONTROL | |
| Campo de control | ES-SlBC |
| 008 - CÓDIGOS DE INFORMACIÓN DE LONGITUD FIJA | |
| Campo de control de longitud fija | 131126b xxum||p| |||| 00| 0 fre d |
| 245 00 - MENCIÓN DE TÍTULO | |
| Título | VIE INTELECTUELLE (LA) |
| 260 ## - PUBLICACIÓN, DISTRIBUCIÓN, ETC... (PIE DE IMPRENTA) | |
| Lugar de publicación, distribución, etc. | París : |
| Nombre del editor, distribuidor, etc. | Editions Du Cerf |
| 270 ## - DIRECCIÓN | |
| Dirección | 29, boulevard Latour-Maubourg |
| Ciudad | París |
| País | Francia |
| 310 ## - PERIODICIDAD ACTUAL | |
| Periodicidad actual | Mensual |
| 942 ## - ENTRADA DE ELEMENTOS AGREGADOS (KOHA) | |
| Koha [por defecto] tipo de item | Revistas |
| Suprimido | Perdido | Estropeado | No para préstamo | Localización permanente | Localización actual | Localización en estantería | Fecha adquisición | Préstamos totales | Número de Registro / Código de Barras | Fecha última consulta | Fecha del precio de reemplazo | Tipo de item de Koha |
|---|---|---|---|---|---|---|---|---|---|---|---|---|
| San Esteban | San Esteban | Depósito de revistas | 27/11/2013 | VieIntelec | 27/11/2013 | 27/11/2013 | Revistas |
